000 00620nam a2200241Ia 4500
003 OSt
005 20220918214106.0
006 a|||||r|||| 00| 0
007 ta
008 220917b |||||||| |||| 00| 0 eng d
024 _a135,833
037 _cTextual
040 _aARTS
_cARTS
_beng
041 _2eng
_aeng
082 _aX:77.1=w.N8, M9
100 _aAugustine John S ed
_9129831
245 0 _aStrategies for third world development
260 _c1989
300 _a156p.
_ccm.
650 _aECONOMICS
942 _hX:77.1=w.N8, M9
_cTEXL
_2CC
999 _c258925
_d258925